00325nam a2200121Ia 4500008004100000041000800041082001200049100001600061245004500077260003900122300003100161365001100192240624s9999 xx 000 0 und d aeng a920 PIT aPITRODA SAM aDREAMING BIG MY JOURNEY TO CONNECT INDIA c2015aNew DelhibPortfolio Penguin axii, : 331 : p. : cm. ; 24 cRSb30